00913nam a2200289uu 4500001000800000005001700008008004100025020001800066035001200084035002100096040001300117041000800130082000800138100008000146245007900226250001100305260005300316300001800369650003200387650003000419650005000449650001400499650002000513650003200533700002900565700002900594115217620260507114334.0090702s2005 eng  a9780521602037 a1152176 a(OCoLC)777029716 ccomduadb aeng 4a37210aRichards, Jack C.,d1943-4aut0(isni)00000001080118450(viaf)66579860eaut10aInterchange 2. Teacher's edition : english for international communication a3. ed. aNueva York :bCambridge University Press,c2005. a273 páginas 7aInglésxEnseñanza2lemb aEnglish language learning 0aEnseñanza y aprendizaje del idioma inglés aTextbooks aLibros de texto 7aInglésxEnseñanza2lemb10aHull, Jonathan4auteaut10aProctor, Susan4auteaut